000
00298nam a22001337a 4500
008
181101b xxu||||| |||| 00| 0 eng d
020
_a
9780646187129
041
_a
eng
080
_a
615.83
100
_a
8
101
_a
EGZ
245
_a
Overcome neck & back pain
_c
Laughlin,K
942
_2
udc
_c
BK
999
_c
51414
_d
51414